[Event "Terrassa op-B"]
[Site "Terrassa"]
[Date "1996.??.??"]
[Round "4"]
[White "Sobrepera Ribera, A."]
[Black "Martinez Mures, Moises"]
[Result "1/2-1/2"]
[WhiteElo "1925"]
[BlackElo "1990"]
[PlyCount "56"]
[EventDate "1996.07.??"]
[EventType "swiss"]
[EventRounds "9"]
[EventCountry "ESP"]
[SourceTitle "EXT 2002"]
[Source "ChessBase"]
[SourceDate "2001.11.25"]
[SourceVersion "1"]
[SourceVersionDate "2001.11.25"]
[SourceQuality "1"]

1. e4 c5 2. Nc3 Nc6 3. g3 Nf6 4. Bg2 e6 5. Nge2 d5 6. exd5 exd5 7. d4 cxd4 8. Nxd4 Bb4 9. 0-0 Bxc3 10. bxc3 0-0 11. Ba3 Re8 12. Nxc6 bxc6 13. c4 Ba6 14. Re1 Bxc4 15. Qd2 Qc7 16. Bc5 a6 17. a4 Qd7 18. Qg5 Rab8 19. Bd4 h6 20. Qh4 Qf5 21. Bh3 Qg6 22. Qf4 Rxe1+ 23. Rxe1 Re8 24. Rxe8+ Nxe8 25. Bf5 Qg5 26. Qxg5 hxg5 27. Bc8 Nd6 28. Bd7 Ne4 1/2-1/2